| 000 | 02010cam a2200517 a 4500 | ||
|---|---|---|---|
| 001 | 21094 | ||
| 003 | VRT | ||
| 005 | 20260213133638.0 | ||
| 008 | 240226s1988 xo gr 000 f slo | ||
| 015 | _aSNBA1988/08 | ||
| 020 | _q(viazané) | ||
| 035 | _aSNK000064714 | ||
| 035 | _aFE48854E-F583-4977-B9DF-2287D10350DF | ||
| 035 | _aurn:nbn:sk:snk-am00ihvu | ||
| 039 | 9 |
_a202405271235 _bcsnk01 _c202405271234 _dAUTHORITY _c202405271219 _dAUTHORITY _c202405271218 _dcsnk01 |
|
| 040 |
_aSNK _bslo _cSNK _eAACR2 |
||
| 041 | 1 |
_aslo _hjpn |
|
| 044 |
_axo _cSK |
||
| 072 | 7 |
_a821.521 _xJaponská literatúra _2konspekt |
|
| 080 |
_a895.6-3 _21997 |
||
| 080 |
_a821.521-3 _22011 |
||
| 100 | 1 |
_aMišima, Jukio, _d1925-1970 _4aut |
|
| 245 | 1 | 0 |
_aSmäd po láske ; Príboj _cJukio Mišima ; z japonských originálov Ai no kawaki ..., Šiosai ... preložil a doslov napísal a poznámky spracoval Karol Kuťka |
| 250 | _a1. vyd. | ||
| 260 |
_aBratislava _bTatran _c1988 _eBanská Bystrica _fTlačiarne SNP |
||
| 300 |
_a265 strán _c21 cm |
||
| 366 | _e8000 výtl. | ||
| 490 | 1 |
_aLUK - Knižnica modernej svetovej prózy _vzv. 129 |
|
| 500 | _aDokumet obsahuje 2 diela. Vysvetlivky | ||
| 655 | 7 |
_ajaponské romány _2SNKPH |
|
| 700 | 1 |
_aKuťka, Karol, _d1951- _4trl _4aft |
|
| 700 | 1 |
_aMišima, Jukio, _d1925-1970 _tAi no kawaki _lSlovensky |
|
| 700 | 1 |
_aMišima, Jukio, _d1925-1970 _tŠiosai _lSlovensky |
|
| 740 | 0 | 2 | _aPríboj |
| 830 | 0 | _aLUK - Knižnica modernej svetovej prózy | |
| 942 |
_2ddc _cKLDO _n0 |
||
| 949 |
_6270001000104751 _asvkbbA 63373 _bsvkbbm 515740 _p515.740 |
||
| 949 |
_617A0929558 _asnkSC 72014 _bsnkKSP 5708/88 _s6100:20221003 |
||
| 949 |
_64710702481 _91 _astrmkB _bstrmk2008/2481 |
||
| 949 |
_617A0076809 _9P60, <04>, [BOOK], {604} _asnkSC 72014 D1 |
||
| 949 |
_62889126898 _asavukM 83700 |
||
| 949 |
_62889057318 _asavukM 83699 |
||
| 949 |
_6270001000105208 _asvkbbA 63373-a _bsvkbbm 516183 _p516.183 |
||
| 999 |
_c21094 _d21094 |
||